Programovanie a spracovanie dát
Guardado en:
| Formato: | Libro |
|---|---|
| Lenguaje: | eslovaco |
| Publicado: |
Košice
Univerzita P.J. Šafárika
1989
|
| Edición: | 1. vyd. |
| Etiquetas: |
Sin Etiquetas, Sea el primero en etiquetar este registro!
|
MARC
| LEADER | 00000nam a2200000 4500 | ||
|---|---|---|---|
| 001 | c039046 | ||
| 005 | 20251204074309.8 | ||
| 041 | 0 | |a slo | |
| 044 | |a SK | ||
| 245 | 1 | 0 | |a Programovanie a spracovanie dát |c Pavol Petrovič, Jaroslav Nadrchal, Jozefína Petrovičová |
| 250 | |a 1. vyd. | ||
| 264 | 1 | |a Košice |b Univerzita P.J. Šafárika |c 1989 | |
| 300 | |a 2 diely | ||